LEADER 01080nam a2200277 4500 001 000000346506 003 CaOOAMICUS 005 20210628105042.0 008 210609s2019 it 000 u ita r 020 $a978-88-7224-077-9 040 $aSeMil$bita 100 1 $aBarrilà, Domenico,$d<1952- >.$0(OLS)http://semarc/name/32643 245 13$aLa casa di Henriette :$blontano. Fino alle tue radici /$cDomenico Barrilà. 264 1$aMilano :$bSonda,$c2019. 300 $a186 p. ;$c22 cm 490 1 $aNarrazione 541 0 $aOmaggio mons. Mario Delpini (1Q II 99) 830 0$aNarrazione.$0(OLS)http://semarc/title/435702 850 $aSeMil 852 $aSeMil$W1$xVenegono$y1$m1Q II 99$j227139$B237594$CSeMilBibl$Z2$F237594 $81 941 1 $a7 961 $aOmaggio mons. Mario Delpini 996 $6020$a978-88-7224-077-9$9(OLS)http://semarc/number/293429 996 $6245$aLa casa di Henriette :$blontano. Fino alle tue radici$9(OLS)http://semarc/title/435700 996 $6264$aMilano :$bSonda$9(OLS)http://semarc/publisher/59908 LEADER 00886nam a2200205 i 4500 001 000000070332 003 CaOOAMICUS 005 20080813000000.0 008 080813s1935 gw u000 u ger u 013 $a41504 040 $aSeMil$bita 100 1 $aLindworsky, Johannes .$0(OLS)http://semarc/name/34340 245 10$aPhychologie der Aszese :$bWinke für eine phychologisch richtige Aszese /$cJohannes Lindworsky. 260 $aFreiburg im Breisgau :$bHerder & Co.,$c1935. 300 $aVII, 94 p. ;$c19 cm. 650 4$aAscetica.$0(OLS)http://semarc/subject/2446 850 $aSeMil 852 $aSeMil$W1$xVenegono$y1$m2P II 178$j36485$B36485$CSeMilBibl$Z2$F36488 $81 996 $6245$aPhychologie der Aszese :$bWinke für eine phychologisch richtige Aszese$9(OLS)http://semarc/title/112860 996 $6260$aFreiburg im Breisgau :$bHerder & Co.$9(OLS)http://semarc/publisher/29979